Countries of Africa by land area with a map (Whammies) - Statistics

General Stats
  • This quiz has been taken 14 times
  • The average score is 33 of 54
Answers on the Map
Answers color-coded by a green-red scale on the quiz's map according to % correct below.
 
Answer Stats
Km2 First letter
of country
Answer % Correct
4,034 C/V Cape Verde
100%
2,236 C Comoros
100%
2,240 M Mauritius
100%
1,000 S/T/A/P Sao Tome and Principe
100%
452 S Seychelles
100%
24,200 D Djibouti
89%
28,052 E/G Equatorial Guinea
89%
18,364 E Eswatini
89%
12,296 G Gambia
89%
36,126 G/B Guinea Bissau
89%
30,356 L Lesotho
89%
112,370 L Liberia
89%
26,338 R Rwanda
89%
72,740 S/L Sierra Leone
89%
114,762 B Benin
78%
26,834 B Burundi
78%
116,600 E Eritrea
78%
118,484 M Malawi
78%
56,785 T Togo
78%
274,224 B/F Burkina Faso
67%
322,460 I/C Ivory Coast
67%
342,660 R/O/T/C Republic of the Congo
67%
196,722 S Senegal
67%
164,610 T Tunisia
67%
242,550 U Uganda
67%
390,756 Z Zimbabwe
67%
622,984 C/A/R Central African Republic
56%
268,668 G Gabon
56%
238,534 G Ghana
56%
246,858 G Guinea
56%
580,368 K Kenya
56%
826,616 N Namibia
56%
637,657 S Somalia
56%
648,421 S/S South Sudan
56%
752,612 Z Zambia
56%
582,730 B Botswana
44%
588,042 M Madagascar
44%
446,550 M Morocco
44%
800,590 M Mozambique
44%
924,768 N Nigeria
44%
2,381,741 A Algeria
33%
1,246,700 A Angola
33%
476,442 C Cameroon
33%
1,284,846 C Chad
33%
2,344,858 D/R/O/T/C Democratic Republic of the Congo
33%
1,002,450 E Egypt
33%
1,104,300 E Ethiopia
33%
1,760,540 L Libya
33%
1,268,642 N Niger
33%
1,221,037 S/A South Africa
33%
1,857,392 S Sudan
33%
946,088 T Tanzania
33%
1,240,192 M Mali
22%
1,030,700 M Mauritania
22%
No matching quizzes found
Score Distribution
Percent of People with Each Score
Percentile by Number Answered
Your Score History
You have not taken this quiz